Quizzes
Events
Quiz Creation
Community
Videos
Private Events
Remove Ads
Sign In
Join for FREE
Feedback
Dark Mode
Quiz Categories
Sports
Geography
Music
Movies
Television
Just For Fun
Miscellaneous
History
Literature
Language
Science
Gaming
Entertainment
Religion
Holiday
For Kids
Quiz Lab
Recent
Popular Today
Quiz Kudos Today
Editor Picks
Curator Picks
Quizzes by...
Day
Popularity
Type
Ratings
Length
Year
Community
Subscriptions
Recent Discussions
Orange Saloon
Badges
Playlists
Quests
Create
Leaderboards
Showdown
Live 5
Trivia Bingo
Activity
Puzzle Library
Sporcle Events
Private Events
Virtual Trivia
Globe League
Become a Host
Pub Owners
SporcleCon
Opinionation
Our Games
Videos
Blog
Mobile Apps
Partnerships
Remove Ads and Go Orange
Feedback
Just For Fun
Clickable
Get the Picture
Humor
Quick Pick
Word Ladder
Missing Word
Mixed Word
Blitz
Minefield
This or That
Alphabet
Color
Typing
Sporcle
Puzzle
Word Play
Follow That Line
Logic
Just For Fun
Clickable
Get the Picture
Humor
Quick Pick
Word Ladder
Missing Word
Mixed Word
Blitz
Minefield
This or That
Alphabet
Color
Typing
Sporcle
Puzzle
Word Play
Follow That Line
Logic
Random Quiz
Search Sporcle
×
Quiz Lab
Quiz Lab
Just For Fun
Math
Type in answers that appear in a list
Type in answers that appear in a list
Classic
Best Score? Go Orange.
Fast Math (Addition) Stats
Can you name the answers in 2 Minutes??
By
blablabla123
2m
53 Questions
543 Plays
543 Plays
543 Plays
Comments
Comments
Give Quiz Kudos
Give Quiz Kudos
-
- Ratings
hide this ad
Replay
Link that replays current quiz
Next Quiz
Link to next quiz in quiz playlist
You Got
0%
They Got
Avg Score
95%
Avg Friend Score
Upgrade to see
Score Distribution
Jump to the score distribution portion of the page
Score
0/53
Timer
02:00
0
Plays Today
Question
Answer
% Correct
9+1
10
99.8%
2+4
6
99.8%
1+5
6
99.8%
8+2
10
99.8%
0+3
3
99.6%
0+3
3.
99.6%
7+0
7
99.4%
24+6
30
99.4%
12+3
15
99.4%
12+3
15
99.4%
1+6
7
99.4%
7+8
15
99.4%
7+5
12
98.3%
10+4
14
97.8%
11+3
14
97.8%
7+6
13
97.6%
4+1
5
97.6%
8+5
13
97.6%
9+4
13
97.6%
5+8
13
97.6%
6+2
8
97.4%
1+7
8
97.4%
7+1
8
97.4%
4+4
8
97.4%
8+1
9
97.2%
5+4
9
97.2%
7+2
9
97.2%
Question
Answer
% Correct
9+0
9
97.2%
9+8
17
96.7%
7+9
16
96.7%
8+8
16
96.7%
3+1
4
96.1%
12+6
18
94.8%
13+5
18
94.8%
1+799
800
94.7%
2+9
11
93.7%
9+2
11
93.7%
4+7
11
93.7%
8+3
11
93.7%
6+5
11
93.7%
9+2
11
93.7%
4+7
11
93.7%
20+0
20
92.8%
8+12
20
92.8%
17+2
19
92.6%
45+2
47
92.4%
300+7
307
90.4%
9+18
27
87.3%
20+5
25
87.3%
9+16
25
87.3%
16+5
21
86.6%
32+7
39
83.1%
88+3
91
81.4%
Quiz Playlist
Details
Report
Send in Message
Add To Playlist
Classic:
Type in answers that appear in a list
Last Updated: Feb 16, 2017
Quiz Scoreboard
CHALLENGE
Sign Up to Join the Scoreboard
Show All
Scores
Hide
Comments
May contain spoilers
Recently Published
TV Characters by Other Roles V
by ghcgh
Television
5m
Decade Duel: World Leaders
by jenniferyan
History
4m
Alphabetical 'K' Countries by Flag Minefield
by ylime102
Geography
3m
More to Explore
Quiz From the Vault
Featured Blog Post
15 Basketball Trivia Facts You Can Be March Mad About
hide this ad
You Might Also Like...
Tags
Math Quiz
2 Minutes
Addition
fast
minute
Today's Top Quizzes in Just For Fun
Browse Just For Fun
hide this ad
Today's Top Quizzes in Math
Browse Math
Top Contributed Quizzes in Just For Fun
1
Seasons
2
Pick 6: Letters
3
Pick 6: Foods
4
Pick 6: Colors
5
Quick Pick: Spring Things
6
Four Seasons
7
Dragon Ball Z Logic Quiz
8
Erkennst du die Lieblingsgerichte der watsons?
9
Happy Tree Friends Logic Puzzle
10
Just Another 1-25 Logic Puzzle
Explore More
Trending Topics
Kpop
NBA
Anime
Harry Potter
Crossword
Disney
Marvel
Song
WWE
Puzzle
NFL
Soccer
Country
Pokémon
The Office
hide this ad
More By:
blablabla123
Quiz
Plays
Rating
Category
Featured
Created
Glee Nicknames
872
1.75
Entertainment
May 15, 2011
Fast Math (Addition)
543
2.00
Just For Fun
May 15, 2011
Simpson Characters
135
1.11
Entertainment
May 15, 2011
Go to Creator's Profile
Score Distribution
Quiz Creator Spotlight
blablabla123
Follow
Send a Message
Quizzes Created
-
Created Quiz Play Count
-
More By This Creator
Popular Quizzes Today
1
Countries of Asia Without Outlines Minefield
2
Find the US States - No Outlines Minefield
3
Pick 6: Fruits
4
The Countries of the World
5
Alphabetical 'K' Countries by Flag Minefield
6
Find the Countries of Europe - No Outlines Minefield
7
US States
8
Find the US States
More Just For Fun Quizzes
Quick Pick: Eagle Flags
Published
Trending Quizzes
Pick 6: Mountains
Pick 6: Harry Potter
Pick 6: Flags
Pick 6: NFL Teams
Pick 6: Movie Franchises
Recently Updated
Adaptations: Name the Title
pecheneg
NWSL Teams
pecheneg
Women's Final Four Teams by Year
bhenderson79
Presidents Quartet II
eogle
Anything But Clue(do)
eogle
Anything But Oceanian Capitals
eogle
Anything But 7
eogle
Anything But Thing
eogle
Word Ladder: February 29
pecheneg
Song Title Questions
pecheneg
Trending Topics
Disney
Anime
Crossword
NBA
Kpop
Marvel
Harry Potter
Song
NFL
Country
WWE
Pokémon
Puzzle
Soccer
The Office
Your Account Isn't Verified!
In order to create a playlist on Sporcle, you need to verify the email address you used during registration. Go to your
Sporcle Settings
to finish the process.
Report this User
Report this user for behavior that violates our
Community Guidelines
.
Details:
Send Report
Go to the Sporcle.com Mobile Site →
Comments